| 000 | 00797nam a2200193Ia 4500 | ||
|---|---|---|---|
| 008 | 151121s9999||||xx |||||||||||||| ||und|| | ||
| 082 | _a813/पांडे | ||
| 082 | _bHNW-79589 | ||
| 100 | _aपांडे भारती - अनु (दुर्रानी तेहमिना) | ||
| 245 | _aब्लास्फेमी | ||
| 260 | _b"मेहता पब्लिंशिंग हाऊस, पुणे।" | ||
| 260 | _c-- | ||
| 300 | _a232 | ||
| 600 | _aपांडे भारती - अनु (दुर्रानी तेहमिना) | ||
| 630 | _aब्लास्फेमी | ||
| 700 | _aपांडे भारती - अनु (दुर्रानी तेहमिना) | ||
| 730 | _aब्लास्फेमी | ||
| 942 | _cBOOK | ||
| 999 |
_c1260951 _d1260948 |
||